LEADER 03185 am 2200865 n 450 001 9910418034903321 005 20231212202148.0 010 $a88-7885-619-3 010 $a88-7885-615-0 010 $a88-7885-616-9 024 7 $a10.4000/books.res.4231 035 $a(CKB)4910000000108858 035 $a(FrMaCLE)OB-res-4231 035 $a(oapen)https://directory.doabooks.org/handle/20.500.12854/44806 035 $a(PPN)24331311X 035 $a(EXLCZ)994910000000108858 100 $a20200313j|||||||| ||| 0 101 0 $aita 135 $auu||||||m|||| 181 $ctxt$2rdacontent 182 $cc$2rdamedia 183 $acr$2rdacarrier 200 10$aDesideri decisi di democrazia in Europa /$fRosa Elena Manzetti 210 $aTorino $cRosenberg & Sellier$d2020 215 $a1 online resource (144 p.) 311 $a88-7885-614-2 330 $aQuesto libro raccoglie i testi degli interventi e il dibattito del Forum Europeo di Torino, organizzato il 18 novembre 2017 al Campus Einaudi dell?Università di Torino, da La Movida Zadig, l?Eurofederazione di Psicoanalisi, l?Associazione Mondiale di Psicoanalisi, la Scuola Lacaniana di Psicoanalisi, con la collaborazione dell?Istituto Psicoanalitico di Orientamento Lacaniano e con il patrocinio dell?Ordine degli Psicologi del Piemonte, dell?Università degli studi di Torino e della Regione Piemonte. 606 $aHistory of Social Sciences 606 $aPolitical Science 606 $aEuropa 606 $ademocrazia 606 $aForum Europeo di Torino 606 $aForum européen de Turin 606 $aDémocratie 606 $aEurope 606 $aTurin European Forum 606 $aDemocracy 607 $aEurope$xPolitics and government$y21st century$vCongresses 610 $aTurin European Forum 610 $aEurope 610 $aDemocracy 615 4$aHistory of Social Sciences 615 4$aPolitical Science 615 4$aEuropa 615 4$ademocrazia 615 4$aForum Europeo di Torino 615 4$aForum européen de Turin 615 4$aDémocratie 615 4$aEurope 615 4$aTurin European Forum 615 4$aDemocracy 700 $aAlberti$b Christiane$01296521 701 $aBassols$b Puig Miquel$01296522 701 $aBolgiani$b Paola$0750248 701 $aBrousse$b Marie-Hélène$01296523 701 $aCerutti$b Monica$01296524 701 $aCosenz$b Domenico$01296525 701 $aEsqué$b Xavier$01296526 701 $aGaleotti$b Elisabetta$01296527 701 $aLaurent$b Éric$0134847 701 $aMagrin$b Gabriele$0260131 701 $aManzetti$b Rosa Elena$01296528 701 $aMastropaolo$b Alfio$0125803 701 $aMontorsi$b Arianna$053408 701 $aMurgia$b MIchela$f1972-2023.$01449154 701 $aPerone$b Ugo$0143817 701 $aRoccato$b Michele$0299224 701 $aVanderveken$b Yves$01296529 701 $aViolante$b Luciano$0437981 701 $aManzetti$b Rosa Elena$0750167 801 0$bFR-FrMaCLE 906 $aBOOK 912 $a9910418034903321 996 $aDesideri decisi di democrazia in Europa$93645496 997 $aUNINA